Paravančania radi hrajú pre deti

Bibliographic Details
Main Authors: Tadlánková, Marcela (Author), Zahradníková, M. (Author)
Format: Article
Language:Slovak
Subjects:

MARC

LEADER 00000nab a2200000 a 4500
001 vtls000247055
003 SK-MaSNL
005 20260302210756.0
008 111130c1986 xo 0 slo
015 |a SNBRB19rr/mm-uuuuu 
035 |a CL0257169 
040 |a SNKBUCL  |b slo  |c SNKBUCL  |e AACR2 
041 0 |a slo 
044 |a xo  |c SK 
080 |a 792.077  |2 1981 
080 |a 792.9  |2 1981 
100 1 |a Tadlánková, Marcela  |4 aut  |9 934280 
245 1 0 |a Paravančania radi hrajú pre deti  |c Marcela Tadlánková, M. Zahradníková 
650 0 7 |a Paravan, Trenčín (súbor bábkový ochotnícky)  |2 snkbucl  |9 934281 
651 7 |a 5210  |2 snkbucl  |9 276500 
655 7 |a články z novín a časopisov  |2 snkbucl  |9 267496 
700 1 |a Zahradníková, M.  |4 aut  |9 928593 
773 0 |t Sloboda  |g Roč. 41, č. 19 (1986), s. 4 
850 |a Slovenská národná knižnica v Martine  |a MTA001 
852 |a SNK  |b KIS3GCP 
958 |a RK 
992 |a RBX 
999 |c 1483860  |d 1485790